[Event "XIX Weekend"]
[Site "Bergamo ITA"]
[Date "2007.01.14"]
[Round "3"]
[White "Marrone, Vincenzo"]
[Black "Poletti, Fausto"]
[Result "0-1"]
[WhiteElo "1966"]
[BlackElo "2046"]
[PlyCount "115"]
[EventDate "2007.01.13"]

1. e4 c5 2. Nf3 Nc6 3. d4 cxd4 4. Nxd4 Nf6 5. Nc3 e5 6. Ndb5 d6 7. Bg5 a6 8.
Na3 b5 9. Bxf6 gxf6 10. Nd5 f5 11. exf5 Bxf5 12. c3 Bg7 13. Nc2 Ne7 14. Ncb4
O-O 15. Qf3 Be6 16. Rd1 f5 17. Nxe7+ Qxe7 18. Qd3 Qf7 19. Qxd6 a5 20. Nc6 Bxa2
21. Bxb5 Bb3 22. O-O Bxd1 23. Rxd1 e4 24. Qc5 Kh8 25. Bc4 Qc7 26. Qd5 a4 27. h4
a3 28. bxa3 Bxc3 29. Rc1 Qg7 30. Rd1 Qf6 31. h5 Rxa3 32. Nd8 Ra1 33. Rxa1 Bxa1
34. Ne6 Rb8 35. g3 Be5 36. Nc5 Qd6 37. Nb3 Qxd5 38. Bxd5 Kg7 39. Kg2 Kh6 40.
Be6 Rb6 41. Bg8 Rb8 42. Be6 Kxh5 43. Nd2 Kg5 44. Nf1 Kf6 45. Bc4 Bd4 46. Ne3
Bxe3 47. fxe3 Kg5 48. Kh3 h5 49. Kg2 Kg4 50. Be2+ Kg5 51. Bc4 Rb2+ 52. Kh3 Rd2
53. Ba6 Rd3 54. Kg2 Rxe3 55. Kf2 Ra3 56. Bb5 Kg4 57. Be2+ Kg5 58. Bb5 0-1

[Event "XIX Weekend"]
[Site "Bergamo ITA"]
[Date "2007.01.14"]
[Round "3"]
[White "Milanesi, Erminio"]
[Black "Corbellini, Nicola"]
[Result "1-0"]
[WhiteElo "1878"]
[BlackElo "1521"]
[PlyCount "73"]
[EventDate "2007.01.13"]

1. e4 c5 2. d3 d6 3. g3 b5 4. Nh3 Bb7 5. Bg2 Nf6 6. O-O e6 7. f3 Nc6 8. Nf2 Be7
9. Be3 O-O 10. Nc3 d5 11. Nxb5 Qb6 12. a4 a6 13. Na3 Qxb2 14. Qd2 Qb6 15. Rfb1
Qc7 16. c3 Rfd8 17. d4 dxe4 18. fxe4 cxd4 19. cxd4 Bxa3 20. Rxa3 Qd6 21. Rab3
Nxd4 22. Rxb7 e5 23. Bxd4 exd4 24. Qd3 Rac8 25. R7b6 Qd7 26. Qxa6 d3 27. e5 Nd5
28. Rd6 Nc7 29. Rxd7 Nxa6 30. Rxd8+ Rxd8 31. Rd1 Nc5 32. a5 d2 33. Ne4 Nb3 34.
a6 Rc8 35. Nxd2 Rd8 36. a7 Nxd2 37. Rxd2 1-0

[Event "XIX Weekend"]
[Site "Bergamo ITA"]
[Date "2007.01.14"]
[Round "3"]
[White "Ranfagni, Stefano"]
[Black "Gazzetta, Marco"]
[Result "1/2-1/2"]
[WhiteElo "2046"]
[BlackElo "1730"]
[PlyCount "74"]
[EventDate "2007.01.13"]

1. e4 e6 2. d4 d5 3. Nd2 dxe4 4. Nxe4 Nd7 5. Nf3 Ngf6 6. Nxf6+ Nxf6 7. Bd3 Be7
8. Qe2 b6 9. Bd2 Bb7 10. Bb5+ c6 11. Bd3 Qc7 12. h3 Nd5 13. Ne5 Nb4 14. Bxb4
Bxb4+ 15. c3 Bd6 16. f4 g6 17. O-O O-O 18. Rae1 c5 19. dxc5 Qxc5+ 20. Kh1 Bxe5
21. Qxe5 Qxe5 22. Rxe5 Rfd8 23. Bc4 Rd2 24. Re2 Rad8 25. Rff2 Rxe2 26. Rxe2 Kg7
27. Kg1 Kf6 28. Kf2 h6 29. g3 Kf5 30. Ke3 Rd6 31. Rf2 Kf6 32. Rd2 Rxd2 33. Kxd2
Bg2 34. h4 Kf5 35. Ke3 Kg4 36. Kf2 Bc6 37. a3 g5 1/2-1/2

[Event "XIX Weekend"]
[Site "Bergamo ITA"]
[Date "2007.01.14"]
[Round "3"]
[White "Romano, Zeno"]
[Black "Agrifoglio, Fabio"]
[Result "0-1"]
[WhiteElo "1850"]
[BlackElo "2032"]
[PlyCount "78"]
[EventDate "2007.01.13"]

1. e4 e6 2. d4 d5 3. e5 c5 4. c3 Nc6 5. Nf3 Qb6 6. Be2 Bd7 7. O-O a5 8. a4 Rc8
9. Na3 cxd4 10. cxd4 Bxa3 11. Rxa3 Nge7 12. Bb5 h6 13. Be3 Nb4 14. Bxd7+ Kxd7
15. Rc3 Na2 16. Rb3 Nb4 17. Bd2 Nec6 18. Bxb4 Nxb4 19. Ne1 Rc4 20. Qg4 Rg8 21.
Qf4 Rf8 22. Nf3 Qc6 23. Re3 Rc1 24. b3 Rxf1+ 25. Kxf1 Qc1+ 26. Ke2 Nc2 27. Qg4
Nxe3 28. Qxg7 Nxg2 29. Qxg2 Rc8 30. Ne1 Qb2+ 31. Kf1 Qxb3 32. Qg7 Qh3+ 33. Kg1
Qh5 34. h4 Qg6+ 35. Qxg6 fxg6 36. Nd3 Ke7 37. Nc5 b6 38. Nb7 Rc4 39. Nd6 Rxa4
0-1

[Event "XIX Weekend"]
[Site "Bergamo ITA"]
[Date "2007.01.14"]
[Round "3"]
[White "Sala, Giovanni"]
[Black "Capata, Ion"]
[Result "0-1"]
[WhiteElo "1952"]
[BlackElo "2148"]
[PlyCount "68"]
[EventDate "2007.01.13"]

1. e4 e5 2. Nf3 Nc6 3. Bc4 Bc5 4. c3 d6 5. d4 exd4 6. cxd4 Bb4+ 7. Bd2 Bxd2+ 8.
Nbxd2 Qf6 9. e5 dxe5 10. dxe5 Qg6 11. Qe2 Bg4 12. Bd3 Qe6 13. O-O Nge7 14. Bc4
Qf5 15. Rfe1 O-O 16. h3 Bxf3 17. Nxf3 Kh8 18. Rad1 Ng6 19. Bd3 Qh5 20. Bxg6
Qxg6 21. Qb5 Nd8 22. b3 Qb6 23. Qc4 Ne6 24. Rd7 Qa5 25. b4 Qa4 26. Rd2 a5 27.
Rb2 c5 28. Qd5 axb4 29. Qxb7 Qa3 30. Reb1 Qd3 31. Qe7 h6 32. Rc1 Qd8 33. Qb7
Ra3 34. Qb5 Rxf3 0-1

[Event "XIX Weekend"]
[Site "Bergamo ITA"]
[Date "2007.01.14"]
[Round "3"]
[White "Scanferla, Paolo"]
[Black "Bozzali, Ermanno"]
[Result "0-1"]
[WhiteElo "1680"]
[BlackElo "2062"]
[PlyCount "56"]
[EventDate "2007.01.13"]

1. e4 c5 2. Nf3 d6 3. d4 cxd4 4. Nxd4 Nf6 5. Nc3 a6 6. Be3 e5 7. Nb3 Be6 8. f3
Nbd7 9. Qd2 Rc8 10. O-O-O Be7 11. Kb1 Qc7 12. Be2 b5 13. Rc1 Nb6 14. Rhe1 Nc4
15. Bxc4 bxc4 16. Na1 Rb8 17. b3 h6 18. f4 Qb7 19. f5 Bd7 20. h3 Bc6 21. Kb2
Bxe4 22. g4 d5 23. g5 hxg5 24. Bxg5 d4 25. Bxf6 dxc3+ 26. Qxc3 gxf6 27. Qxc4
Bxf5 28. Rg1 Rc8 0-1

[Event "XIX Weekend"]
[Site "Bergamo ITA"]
[Date "2007.01.14"]
[Round "3"]
[White "Stella, Andrea"]
[Black "Johansson, Alexander"]
[Result "1-0"]
[WhiteElo "2084"]
[BlackElo "2018"]
[PlyCount "51"]
[EventDate "2007.01.13"]

1. c4 Nf6 2. Nc3 e5 3. g3 c6 4. d4 exd4 5. Qxd4 Be7 6. Bg2 O-O 7. e4 d6 8. Nge2
Na6 9. O-O Ng4 10. b3 Bf6 11. Qd2 Nc5 12. Bb2 Ne5 13. Rad1 Qb6 14. h3 Bxh3 15.
Na4 Nxa4 16. Bxe5 Bxg2 17. Bxf6 gxf6 18. Kxg2 Nc5 19. f3 Ne6 20. Qh6 Rfe8 21.
Rh1 Ng5 22. Nd4 Re5 23. f4 Rxe4 24. fxg5 Rxd4 25. Qxh7+ Kf8 26. Qh8+ 1-0

[Event "XIX Weekend"]
[Site "Bergamo ITA"]
[Date "2007.01.20"]
[Round "4"]
[White "Agrifoglio, Fabio"]
[Black "De Palma, Fabrizio"]
[Result "1-0"]
[WhiteElo "2032"]
[BlackElo "1984"]
[PlyCount "93"]
[EventDate "2007.01.13"]

1. d4 Nf6 2. c4 c5 3. d5 e6 4. Nc3 exd5 5. cxd5 d6 6. e4 g6 7. Bb5+ Bd7 8. a4
a6 9. Bd3 Bg7 10. Nge2 O-O 11. O-O Re8 12. Bf4 Qc7 13. h3 Ra7 14. Qd2 b6 15. f3
Rb7 16. Rfc1 b5 17. b4 c4 18. Bc2 Nh5 19. Be3 f5 20. axb5 axb5 21. Ra5 fxe4 22.
Bxe4 Nf6 23. Bd4 Nxe4 24. fxe4 Bxd4+ 25. Nxd4 Qb6 26. Kh1 Na6 27. Ncxb5 Rxe4
28. Rxc4 Nc7 29. Nxc7 Rxc7 30. Ra8+ Re8 31. Rxc7 Qxc7 32. Ne6 Qc4 33. Rxe8+
Bxe8 34. Qh6 Qf1+ 35. Kh2 Qf7 36. Qg5 Bd7 37. Qd8+ Qe8 38. Qxe8+ Bxe8 39. Nc7
Bd7 40. b5 Kf7 41. b6 Bc8 42. Kg3 g5 43. Kf3 Kf6 44. Ke4 Bb7 45. g4 Bc8 46. Ne6
Bb7 47. Nd8 1-0

[Event "XIX Weekend"]
[Site "Bergamo ITA"]
[Date "2007.01.20"]
[Round "4"]
[White "Bozzali, Ermanno"]
[Black "Poletti, Fausto"]
[Result "1-0"]
[WhiteElo "2062"]
[BlackElo "2046"]
[PlyCount "71"]
[EventDate "2007.01.13"]

1. e4 c5 2. Nf3 Nc6 3. d4 cxd4 4. Nxd4 Nf6 5. Nc3 e5 6. Ndb5 d6 7. Bg5 a6 8.
Na3 b5 9. Bxf6 gxf6 10. Nd5 f5 11. c3 Bg7 12. exf5 Bxf5 13. Nc2 O-O 14. Nce3
Be6 15. Bd3 f5 16. Qh5 e4 17. Bc2 Be5 18. f4 exf3 19. gxf3 Ra7 20. f4 Bf6 21.
O-O Raf7 22. Rf3 Kh8 23. Rh3 b4 24. Rd1 bxc3 25. bxc3 Na5 26. Bxf5 Bxf5 27.
Nxf5 Bxc3 28. Nxc3 Qb6+ 29. Nd4 Nc6 30. Nce2 Nxd4 31. Nxd4 Rg7+ 32. Rg3 Rgf7
33. Qg5 a5 34. f5 a4 35. h4 a3 36. Kh2 1-0

[Event "XIX Weekend"]
[Site "Bergamo ITA"]
[Date "2007.01.20"]
[Round "4"]
[White "Capata, Ion"]
[Black "Stella, Andrea"]
[Result "1-0"]
[WhiteElo "2148"]
[BlackElo "2084"]
[PlyCount "55"]
[EventDate "2007.01.13"]

1. d4 e6 2. Nf3 f5 3. d5 exd5 4. Qxd5 d6 5. Ng5 Qe7 6. Nxh7 c6 7. Qb3 Be6 8.
Qg3 f4 9. Qg6+ Bf7 10. Qf5 Rxh7 11. Qxh7 Nf6 12. Qf5 Na6 13. Bxf4 Nb4 14. Na3
Nfd5 15. Bg5 Qc7 16. c3 Na6 17. e4 Nb6 18. Bxa6 bxa6 19. O-O Na4 20. Rfe1 Be7
21. Bxe7 Qxe7 22. e5 d5 23. e6 Bg8 24. Nc2 Rc8 25. Nd4 Nxb2 26. Qg6+ Kd8 27.
Nf5 Qf6 28. e7+ 1-0

[Event "XIX Weekend"]
[Site "Bergamo ITA"]
[Date "2007.01.20"]
[Round "4"]
[White "Elsido, Massimo"]
[Black "Milanesi, Erminio"]
[Result "1-0"]
[WhiteElo "1745"]
[BlackElo "1878"]
[PlyCount "107"]
[EventDate "2007.01.13"]

1. e4 g6 2. d4 Nh6 3. Bc4 e6 4. Nf3 f6 5. Be3 Nf7 6. Nbd2 Bg7 7. c3 O-O 8. h4
d5 9. exd5 exd5 10. Bd3 Re8 11. Qc2 f5 12. g3 c5 13. dxc5 Nc6 14. O-O-O b6 15.
Nb3 bxc5 16. Bxc5 Bb7 17. Nbd4 Qa5 18. Nb3 Qxa2 19. Ba3 Bh6+ 20. Ng5 Nce5 21.
f4 Bxg5 22. hxg5 Nxd3+ 23. Rxd3 d4 24. Rhd1 Be4 25. Nxd4 Qc4 26. Qd2 Qxd3 27.
Qxd3 Bxd3 28. Rxd3 Rac8 29. Kc2 a6 30. Nb3 Rcd8 31. Rxd8 Rxd8 32. Be7 Rd7 33.
Bf6 h6 34. Nc5 Ra7 35. Ne6 hxg5 36. fxg5 Nd6 37. Be5 Ne4 38. Bf4 a5 39. Nd4 a4
40. Nb5 Ra8 41. Na3 Nc5 42. Nc4 Re8 43. Ne5 Ra8 44. Nxg6 Kf7 45. Ne5+ Ke7 46.
Nf3 Nb3 47. Ne5 Na1+ 48. Kb1 Nb3 49. Ka2 Nc1+ 50. Ka3 Ne2 51. Nc4 Ke6 52. Kb4
Kd5 53. Kb5 Rc8 54. Nb6+ 1-0

[Event "XIX Weekend"]
[Site "Bergamo ITA"]
[Date "2007.01.20"]
[Round "4"]
[White "Impellizzeri, Francesco"]
[Black "Lanni, Vincenzo"]
[Result "0-1"]
[WhiteElo "1697"]
[BlackElo "1863"]
[PlyCount "90"]
[EventDate "2007.01.13"]

1. d4 g6 2. c4 Bg7 3. Nc3 Nf6 4. e4 d6 5. f4 O-O 6. Nf3 c6 7. Be2 Nbd7 8. e5
dxe5 9. fxe5 Ne8 10. O-O f6 11. e6 Nb6 12. d5 cxd5 13. cxd5 Nc7 14. Nd4 Nbxd5
15. Ne4 Nxe6 16. Nxe6 Bxe6 17. Nc5 Bf7 18. Bf3 Qb6 19. Qd4 Rfd8 20. Qf2 f5 21.
a4 Rac8 22. Bxd5 Qxc5 23. Bxf7+ Kxf7 24. Be3 Qc2 25. Qh4 Qxb2 26. Rab1 Qf6 27.
Bg5 Qd4+ 28. Qxd4 Bxd4+ 29. Kh1 b6 30. h4 Bf6 31. a5 Bxg5 32. hxg5 bxa5 33. Rb7
Rd4 34. Re1 Re4 35. Rd1 Rc2 36. Rxa7 a4 37. Ra8 Rh4+ 38. Kg1 Rg4 39. Rdd8
Rgxg2+ 40. Kf1 Rcd2 41. Rf8+ Ke6 42. Ke1 Rh2 43. Ra6+ Kd7 44. Kf1 Ra2 45. Ra7+
Ke6 0-1

[Event "XIX Weekend"]
[Site "Bergamo ITA"]
[Date "2007.01.20"]
[Round "4"]
[White "Paniga, Danilo"]
[Black "Marrone, Vincenzo"]
[Result "0-1"]
[WhiteElo "1821"]
[BlackElo "1966"]
[PlyCount "52"]
[EventDate "2007.01.13"]

1. d4 Nf6 2. Nf3 e6 3. e3 b6 4. Nbd2 Bb7 5. Bd3 d5 6. O-O Nbd7 7. Qe2 Be7 8. c3
O-O 9. e4 dxe4 10. Nxe4 c5 11. dxc5 Nxe4 12. Bxe4 Bxe4 13. Qxe4 Nxc5 14. Qe2
Qd3 15. Qd1 Rfd8 16. Be3 Rac8 17. Ne5 Qf5 18. Bd4 f6 19. g4 Qf4 20. Nd3 Nxd3
21. Qxd3 e5 22. h3 exd4 23. cxd4 Bd6 24. Rfe1 Qh2+ 25. Kf1 Qh1+ 26. Ke2 Re8+
0-1

[Event "XIX Weekend"]
[Site "Bergamo ITA"]
[Date "2007.01.20"]
[Round "4"]
[White "Sala, Giovanni"]
[Black "Romano, Zeno"]
[Result "1/2-1/2"]
[WhiteElo "1952"]
[BlackElo "1850"]
[PlyCount "49"]
[EventDate "2007.01.13"]

1. e4 e5 2. Nf3 Nc6 3. Bb5 a6 4. Bxc6 dxc6 5. O-O Bg4 6. h3 Bxf3 7. Qxf3 Qd7 8.
d3 Bd6 9. Be3 Ne7 10. Nd2 f6 11. Qg4 f5 12. exf5 Nxf5 13. Qh5+ g6 14. Qe2 O-O-O
15. Ne4 Rdf8 16. c3 Rhg8 17. b4 g5 18. a4 Nh4 19. Qg4 Nf5 20. Rfb1 h5 21. Qxh5
g4 22. hxg4 Nxe3 23. fxe3 Rh8 24. Qg6 Rhg8 25. Qh5 1/2-1/2

[Event "XIX Weekend"]
[Site "Bergamo ITA"]
[Date "2007.01.20"]
[Round "4"]
[White "Scanferla, Paolo"]
[Black "Mazzotti, Federico"]
[Result "1-0"]
[WhiteElo "1680"]
[BlackElo "1857"]
[PlyCount "41"]
[EventDate "2007.01.13"]

1. e4 c5 2. Nf3 Nc6 3. d4 cxd4 4. Nxd4 Qc7 5. Nc3 Nf6 6. Be3 e6 7. f3 a6 8. Qd2
b5 9. g4 Bb7 10. h4 Rc8 11. O-O-O b4 12. Nce2 Na5 13. Ng1 b3 14. Nxb3 Nxb3+ 15.
axb3 Nxe4 16. fxe4 Bxe4 17. Rh2 Bb4 18. c3 Qa5 19. Qxd7+ Kf8 20. Qxc8+ Ke7 21.
Qd7+ 1-0

[Event "XIX Weekend"]
[Site "Bergamo ITA"]
[Date "2007.01.21"]
[Round "5"]
[White "Capata, Ion"]
[Black "Agrifoglio, Fabio"]
[Result "1/2-1/2"]
[WhiteElo "2148"]
[BlackElo "2032"]
[PlyCount "93"]
[EventDate "2007.01.13"]

1. e4 e6 2. d3 Nf6 3. g3 d5 4. Nd2 b6 5. Bg2 Bb7 6. e5 Nfd7 7. Ngf3 c5 8. O-O
Nc6 9. Re1 Qc7 10. Qe2 h6 11. c3 g5 12. h3 Bg7 13. d4 cxd4 14. cxd4 Nb4 15. Rb1
Ba6 16. Qd1 Bd3 17. Qb3 a5 18. Ra1 Qc2 19. Re3 Rc8 20. Ne1 Qxb3 21. Nxb3 Ba6
22. Bf1 Bxf1 23. Kxf1 Ke7 24. Bd2 Na6 25. Bc3 Rc6 26. Nd3 Rhc8 27. a4 Ke8 28.
f4 Bf8 29. fxg5 hxg5 30. Nd2 Nb4 31. Bxb4 Bxb4 32. Nxb4 axb4 33. Rb3 Rc2 34.
Rd1 f6 35. exf6 Nxf6 36. Rxb4 R8c6 37. Rb5 Nh5 38. Rb3 Nf6 39. Rf3 Ke7 40. b3
g4 41. hxg4 Nxg4 42. Rd3 R6c3 43. Ke2 Kd6 44. Rxc3 Rxc3 45. Rg1 Re3+ 46. Kd1
Rd3 47. Kc2 1/2-1/2

[Event "XIX Weekend"]
[Site "Bergamo ITA"]
[Date "2007.01.21"]
[Round "5"]
[White "Carrara, Diego"]
[Black "Elsido, Massimo"]
[Result "1/2-1/2"]
[WhiteElo "2058"]
[BlackElo "1745"]
[PlyCount "81"]
[EventDate "2007.01.13"]

1. e4 e5 2. Nf3 Nc6 3. Nc3 Nf6 4. d4 exd4 5. Nxd4 Bb4 6. Nxc6 bxc6 7. Bd3 Bxc3+
8. bxc3 d6 9. O-O O-O 10. Bg5 h6 11. Bh4 g5 12. Bg3 Ng4 13. h3 Ne5 14. f4 Nxd3
15. cxd3 f6 16. fxg5 fxg5 17. Qh5 Kg7 18. Rxf8 Qxf8 19. Rf1 Qe7 20. c4 Be6 21.
Be1 Rf8 22. Bc3+ Kh7 23. Rxf8 Qxf8 24. Qe2 Qf7 25. Qe3 c5 26. Qf2 Kg6 27. a3
Qxf2+ 28. Kxf2 Kf7 29. e5 Bf5 30. Ke3 Ke6 31. Ba5 Kd7 32. g4 Bg6 33. exd6 cxd6
34. Bc3 Ke6 35. Bg7 h5 36. Bh6 hxg4 37. hxg4 Kf6 38. Kd2 Be8 39. Bf8 Ke6 40.
Bh6 Kf6 41. Bf8 1/2-1/2

[Event "XIX Weekend"]
[Site "Bergamo ITA"]
[Date "2007.01.21"]
[Round "5"]
[White "De Palma, Fabrizio"]
[Black "Maccarini, Luca Nicola"]
[Result "1-0"]
[WhiteElo "1984"]
[BlackElo "1835"]
[PlyCount "77"]
[EventDate "2007.01.13"]

1. e4 e5 2. Nf3 Nf6 3. d4 Nxe4 4. Bd3 d5 5. Nxe5 Nd7 6. Nxd7 Bxd7 7. O-O Bd6 8.
c4 c6 9. Qe2 O-O 10. cxd5 Re8 11. Bxe4 cxd5 12. Bxh7+ Kxh7 13. Qh5+ Kg8 14. Nc3
g6 15. Qg5 Be7 16. Qxd5 Qc8 17. Qf3 Bg4 18. Qg3 Kg7 19. Bf4 Rh8 20. Rfe1 Bh4
21. Qe3 Qd7 22. Be5+ f6 23. Bg3 Rae8 24. Qf4 Bxg3 25. Qxg3 Qxd4 26. h3 Bf5 27.
Qc7+ Kh6 28. Rxe8 Rxe8 29. Qxb7 Re5 30. Rd1 Qh4 31. Qf3 Bc2 32. Rd2 Re1+ 33.
Kh2 Bf5 34. g4 Bc8 35. Qg3 Qg5 36. f4 Qc5 37. Qh4+ Kg7 38. Qxe1 Bb7 39. Rd7+
1-0

[Event "XIX Weekend"]
[Site "Bergamo ITA"]
[Date "2007.01.21"]
[Round "5"]
[White "Gazzetta, Marco"]
[Black "Romano, Zeno"]
[Result "0-1"]
[WhiteElo "1730"]
[BlackElo "1850"]
[PlyCount "59"]
[EventDate "2007.01.13"]

1. e4 e5 2. Nc3 Nf6 3. g3 Bc5 4. Bg2 Nc6 5. Nge2 d6 6. h3 Be6 7. Na4 Bb6 8.
Nxb6 axb6 9. O-O Qd7 10. Kh2 h5 11. d4 exd4 12. Nxd4 Nxd4 13. Qxd4 h4 14. g4
Ra4 15. Qc3 Rc4 16. Qd3 c5 17. b3 Rd4 18. Qe2 d5 19. Bb2 Rxe4 20. Bxe4 Nxe4 21.
Rad1 Qd6+ 22. f4 Ng3 23. Be5 Qc6 24. Qe3 d4 25. Qf3 Bd5 26. Qf2 Nxf1+ 27. Rxf1
f6 28. c4 Be4 29. Bb8 Ke7 30. Ba7 0-1

[Event "XIX Weekend"]
[Site "Bergamo ITA"]
[Date "2007.01.21"]
[Round "5"]
[White "Lanni, Vincenzo"]
[Black "Sala, Giovanni"]
[Result "1-0"]
[WhiteElo "1863"]
[BlackElo "1952"]
[PlyCount "37"]
[EventDate "2007.01.13"]

1. d4 d5 2. g3 Nf6 3. Bg2 c6 4. Nf3 Bf5 5. O-O e6 6. Nbd2 h6 7. c3 Be7 8. Ne1
Qb6 9. Nd3 Nbd7 10. Kh1 O-O 11. f3 Bxd3 12. exd3 Qb5 13. Qe2 Rfe8 14. f4 Rac8
15. Nf3 c5 16. Be3 c4 17. dxc4 dxc4 18. Ne5 Nd5 19. a4 1-0

[Event "XIX Weekend"]
[Site "Bergamo ITA"]
[Date "2007.01.21"]
[Round "5"]
[White "Marrone, Vincenzo"]
[Black "Johansson, Alexander"]
[Result "0-1"]
[WhiteElo "1966"]
[BlackElo "2018"]
[PlyCount "116"]
[EventDate "2007.01.13"]

1. e4 c5 2. Nf3 d6 3. d4 cxd4 4. Nxd4 Nf6 5. Nc3 a6 6. Bg5 e6 7. Qd2 Be7 8.
O-O-O h6 9. Bh4 Qc7 10. Qd3 b5 11. Bxf6 Bxf6 12. Ndxb5 axb5 13. Nxb5 Bg5+ 14.
Kb1 Qa5 15. Nxd6+ Kf8 16. Qb3 Nc6 17. Nxc8 Rxc8 18. Qb5 Qa7 19. f4 Bxf4 20. Bc4
Nd4 21. Qa6 Qc5 22. Rxd4 Ke7 23. Rhd1 Rc7 24. Qb5 Qa7 25. Qb4+ Kf6 26. Bb3 Be5
27. R4d3 Rb8 28. Qe1 g6 29. h3 Kg7 30. Rf3 Qb7 31. Qe2 Rbc8 32. c3 Rb8 33. Rfd3
Qb5 34. Qd2 Qc6 35. Qe3 Rcb7 36. Rd8 Qb5 37. Rxb8 Rxb8 38. Qd3 Qb6 39. Rd2 Qg1+
40. Kc2 Qc5 41. Qc4 Qg1 42. Qe2 Rb7 43. Qf2 Qh2 44. Qg3 Qg1 45. Qf2 Qh2 46. a4
Bf6 47. Bc4 Qc7 48. Bb5 Qe5 49. Qe2 Rc7 50. Qd3 Qc5 51. Qd6 Qa7 52. e5 Be7 53.
Qd4 Qb7 54. g4 Bg5 55. Re2 Qf3 56. Qd6 Rb7 57. Qd3 Qf4 58. Kb3 Qf1 0-1

[Event "XIX Weekend"]
[Site "Bergamo ITA"]
[Date "2007.01.21"]
[Round "5"]
[White "Poletti, Fausto"]
[Black "Scanferla, Paolo"]
[Result "1/2-1/2"]
[WhiteElo "2046"]
[BlackElo "1680"]
[PlyCount "113"]
[EventDate "2007.01.13"]

1. Nf3 Nf6 2. c4 g6 3. Nc3 Bg7 4. g3 d6 5. Bg2 O-O 6. O-O e5 7. d3 c5 8. Rb1
Nc6 9. a3 a5 10. Bg5 Be6 11. Qd2 Qd7 12. b3 Ne8 13. Bh6 Nc7 14. Bxg7 Kxg7 15.
Ng5 Bf5 16. Nd5 Nxd5 17. Bxd5 Ne7 18. Bg2 h6 19. Nf3 Nc6 20. Qb2 Bh3 21. e3
Bxg2 22. Kxg2 f6 23. d4 cxd4 24. exd4 e4 25. Nd2 d5 26. c5 f5 27. h3 f4 28. Kh2
Rf5 29. g4 Rg5 30. Rg1 h5 31. Nxe4 dxe4 32. d5+ Ne5 33. h4 Rh8 34. hxg5 hxg4+
35. Kg2 Qxd5 36. Rgd1 f3+ 37. Kg3 Qxc5 38. Rd7+ Kg8 39. Rd8+ Kg7 40. Rxh8 Kxh8
41. Rd1 Kg8 42. Qd4 Qc7 43. Qd8+ Qxd8 44. Rxd8+ Kf7 45. Rb8 Ke6 46. Rxb7 Kf5
47. Rb5 e3 48. fxe3 Ke4 49. Rxa5 Nd3 50. Ra8 Kxe3 51. Re8+ Kd2 52. b4 f2 53.
Kg2 g3 54. Re4 Ne1+ 55. Kf1 Nf3 56. Kg2 Ne1+ 57. Kf1 1/2-1/2

[Event "XIX Weekend"]
[Site "Bergamo ITA"]
[Date "2007.01.21"]
[Round "5"]
[White "Ranfagni, Stefano"]
[Black "Marino, Marco"]
[Result "1-0"]
[WhiteElo "2046"]
[BlackElo "1860"]
[PlyCount "79"]
[EventDate "2007.01.13"]

1. e4 d5 2. exd5 Qxd5 3. Nc3 Qa5 4. d4 Nf6 5. Bd2 c6 6. Nf3 Bf5 7. Bc4 e6 8.
O-O Bb4 9. a3 Bxc3 10. Bxc3 Qc7 11. Re1 O-O 12. Ne5 Nbd7 13. h3 Nxe5 14. dxe5
Ne4 15. Qf3 Nxc3 16. Qxc3 Rfd8 17. g4 Bg6 18. f4 Qb6+ 19. Kg2 Rd4 20. Kf3 Rad8
21. Re2 h5 22. Rae1 c5 23. Qb3 hxg4+ 24. hxg4 Qc6+ 25. Kg3 a6 26. Rh2 Rd2 27.
Ree2 Rxe2 28. Bxe2 b5 29. Bf3 Be4 30. Qe3 Bxf3 31. Qxf3 Qxf3+ 32. Kxf3 Rd4 33.
Ke3 Kf8 34. Rh8+ Ke7 35. Ra8 Ra4 36. Ra7+ Ke8 37. c3 b4 38. axb4 cxb4 39. c4 b3
40. Kd4 1-0

[Event "XIX Weekend"]
[Site "Bergamo ITA"]
[Date "2007.01.21"]
[Round "5"]
[White "Stella, Andrea"]
[Black "Bozzali, Ermanno"]
[Result "1/2-1/2"]
[WhiteElo "2084"]
[BlackElo "2062"]
[PlyCount "36"]
[EventDate "2007.01.13"]

1. Nf3 Nf6 2. c4 e6 3. Nc3 Bb4 4. Qc2 O-O 5. a3 Bxc3 6. Qxc3 b6 7. d3 d6 8. g3
Bb7 9. Bg2 Nbd7 10. O-O Qe7 11. b4 Rfc8 12. Bg5 c5 13. bxc5 Rxc5 14. Qb2 Rcc8
15. Bxf6 Nxf6 16. a4 d5 17. cxd5 Bxd5 18. a5 Rab8 1/2-1/2

[Event "XIX Weekend"]
[Site "Bergamo ITA"]
[Date "2007.01.21"]
[Round "6"]
[White "Acunzo, Domenico"]
[Black "Impellizzeri, Francesco"]
[Result "0-1"]
[WhiteElo "1829"]
[BlackElo "1697"]
[PlyCount "86"]
[EventDate "2007.01.13"]

1. e4 e6 2. d4 d5 3. Nc3 dxe4 4. Nxe4 Nd7 5. Nf3 Ngf6 6. Nxf6+ Nxf6 7. Bd3 c5
8. c3 cxd4 9. Nxd4 Be7 10. Qc2 h6 11. Bf4 a6 12. O-O-O b5 13. Nc6 Qb6 14. Nxe7
Kxe7 15. Bd6+ Qxd6 16. Kb1 Qb6 17. Rhe1 Rd8 18. f4 Kf8 19. f5 exf5 20. Qe2 Re8
21. Qf3 Be6 22. Bxf5 Bxf5+ 23. Qxf5 Rxe1 24. Rxe1 Re8 25. Rd1 Qe6 26. Qc5+ Qe7
27. Qb6 Qe4+ 28. Ka1 Qc2 29. Qd6+ Kg8 30. a3 Re2 31. Qd8+ Kh7 32. Rb1 Ne4 33.
Qd1 Qxd1 34. Rxd1 Rxg2 35. Rd8 Rxh2 36. Rc8 Rf2 37. a4 bxa4 38. Rc4 Nd2 39.
Rxa4 g5 40. Rxa6 g4 41. Ra4 g3 42. Rg4 g2 43. Ka2 Nf3 0-1

[Event "XIX Weekend"]
[Site "Bergamo ITA"]
[Date "2007.01.21"]
[Round "6"]
[White "Agrifoglio, Fabio"]
[Black "Lanni, Vincenzo"]
[Result "1/2-1/2"]
[WhiteElo "2032"]
[BlackElo "1863"]
[PlyCount "92"]
[EventDate "2007.01.13"]

1. d4 g6 2. c4 Bg7 3. Nc3 d6 4. e4 Nf6 5. Nf3 O-O 6. Be2 c6 7. O-O Qc7 8. h3 e5
9. d5 Nbd7 10. Be3 c5 11. Ne1 a6 12. Nd3 h6 13. Qd2 Kh7 14. g4 g5 15. Bf3 Re8
16. Ne2 Nf8 17. Ng3 Ng6 18. b4 b6 19. Rab1 Bd7 20. Rfc1 Nf4 21. Bxf4 exf4 22.
Nf5 Bxf5 23. exf5 Nd7 24. Re1 Ne5 25. Nxe5 Bxe5 26. bxc5 bxc5 27. Bd1 Rab8 28.
Ba4 Rxb1 29. Rxb1 Rb8 30. Qc2 Rxb1+ 31. Qxb1 Kg7 32. Kg2 Bd4 33. Qe1 Qb6 34.
Qe2 Qb2 35. Qxb2 Bxb2 36. Kf3 f6 37. Ke4 Bc3 38. Kd3 Be1 39. f3 Kf7 40. Kc2 Ke7
41. Kb3 a5 42. Bc6 Bb4 43. Ka4 Be1 44. Kb5 Bd2 45. Kb6 Be1 46. Kc7 Bd2 1/2-1/2

[Event "XIX Weekend"]
[Site "Bergamo ITA"]
[Date "2007.01.21"]
[Round "6"]
[White "Biava, Pierluigi"]
[Black "Marrone, Vincenzo"]
[Result "0-1"]
[WhiteElo "1781"]
[BlackElo "1966"]
[PlyCount "128"]
[EventDate "2007.01.13"]

1. Nc3 c5 2. e4 Nc6 3. Nf3 d6 4. Bb5 e5 5. O-O Nf6 6. d3 Be7 7. h3 Be6 8. Ng5
Bd7 9. Bc4 O-O 10. a3 Nd4 11. f4 Be8 12. fxe5 dxe5 13. Nf3 Qd6 14. Bg5 Nd7 15.
Bxe7 Qxe7 16. Nd5 Qd6 17. Nh2 Kh8 18. c3 Ne6 19. Qg4 Nc7 20. Nxc7 Qxc7 21. Qg3
f6 22. Rf2 Bf7 23. Bd5 a5 24. Nf3 Bxd5 25. exd5 c4 26. d4 Rae8 27. Re1 Qd6 28.
dxe5 Qxd5 29. Rd2 Qc5+ 30. Kh2 Nxe5 31. Nxe5 Rxe5 32. Rd7 Rg5 33. Qd6 Qxd6+ 34.
Rxd6 h5 35. Rb6 Rf7 36. Re8+ Kh7 37. Rb8 Re7 38. R8xb7 Re2 39. Kg1 Rgxg2+ 40.
Kf1 Ref2+ 41. Ke1 Rh2 42. Rb5 Rc2 43. Kd1 Rcg2 44. Re7 Rxb2 45. Rxb2 Rxb2 46.
Re4 Rb3 47. Rxc4 Rxa3 48. Kc2 Ra2+ 49. Kb3 Rh2 50. h4 Kh6 51. Ka4 g5 52. hxg5+
fxg5 53. Rc6+ Kg7 54. Kxa5 g4 55. Rc7+ Kf6 56. Kb5 g3 57. Rc8 h4 58. Rg8 g2 59.
c4 h3 60. c5 Rh1 61. c6 g1=Q 62. Rxg1 Rxg1 63. c7 Rc1 64. Kb6 h2 0-1

[Event "XIX Weekend"]
[Site "Bergamo ITA"]
[Date "2007.01.21"]
[Round "6"]
[White "Bozzali, Ermanno"]
[Black "Capata, Ion"]
[Result "0-1"]
[WhiteElo "2062"]
[BlackElo "2148"]
[PlyCount "77"]
[EventDate "2007.01.13"]

1. d4 d5 2. c4 e6 3. Nc3 Nf6 4. cxd5 exd5 5. Bg5 Be7 6. e3 O-O 7. Bd3 c6 8. Qc2
h6 9. h4 c5 10. Nf3 Nc6 11. a3 cxd4 12. exd4 Re8 13. O-O-O hxg5 14. hxg5 Ne4
15. Bxe4 Bxg5+ 16. Kb1 dxe4 17. d5 Ne5 18. Nxe4 Nxf3 19. gxf3 Bf5 20. Rdg1 Bf6
21. Ka1 Bxe4 22. fxe4 Rc8 23. Qd3 Qb6 24. Rb1 Qd4 25. Qh3 g6 26. Rhd1 Qxe4 27.
d6 Qe6 28. Qf3 Red8 29. Qxb7 Rb8 30. Qd5 Qxd5 31. Rxd5 Rb6 32. d7 Rb7 33. Re1
Kg7 34. Re2 Rbxd7 35. Rxd7 Rxd7 36. Ka2 g5 37. b4 Bc3 38. Kb3 Rd2 39. Re7 0-1